Közlemény

Bibliographic Details
Main Author: Fuzik, Ján, 1957- (Author)
Format: Article
Language:Hungarian
ISSN:1335-7050
Subjects:

MARC

LEADER 00000nab a2200000 ar4500
001 vtls009408610
003 SK-MaSNL
005 20260318124817.0
008 081120c20081107xo |||||||| 000 b|hun
015 |a SNBRB2008/11  |2 snkbucl 
038 |a SNKBUCL 
040 |a DSZK  |b slo  |c DSZK  |e AACR2 
041 0 |a hun 
044 |a xo  |c SK 
080 |a 323.113  |x (=162.4)  |x (439)  |2 2001 
080 |a 316.022.4  |x (=162.4)  |x (439)  |2 2001 
080 |a 323.1  |x (437.6:439)  |2 2001 
080 |a 323.1  |x (439:437.6)  |2 2001 
100 1 |a Fuzik, Ján,  |d 1957-  |4 aut 
245 1 0 |a Közlemény  |c Ján Fuzik az Országos Szlovák Önkormányzat elnöke 
610 2 7 |a Celoštátna slovenská samospráva (Maďarsko)  |2 snkbucl  |9 222771 
648 7 |a 2008  |2 snkbucl  |9 317238 
650 0 7 |a Slováci v zahraničí  |2 SNKPH  |9 14695 
650 0 7 |a medzinárodné vzťahy  |2 SNKPH  |9 3690 
650 0 7 |a Maďari  |2 SNKPH  |9 18097 
655 7 |a stanoviská  |2 snkbucl  |9 374406 
773 0 |t Új szó  |g Évf. 61, sz. 258 (7.11.2008), o. 8  |x 1335-7050 
852 |a SNK  |b KIS3GCP 
852 |a DSZK  |b KIS3GCP 
958 |a HU 
958 |a SK 
999 |c 2575135  |d 2577065